GTA San Andreas Characters - Statistics

General Stats
  • This quiz has been taken 3,717 times
  • The average score is 10 of 20
Answer Stats
Hint Answer % Correct
1 Carl Johnson
99%
4 Big Smoke
95%
3 Ryder
88%
2 Sweet
88%
8 Frank Tenpenny
66%
5 Cesar Vialpando
65%
9 Eddie Pulaski
53%
7 OG Loc
51%
6 Kendl
50%
11 The Truth
50%
10 Catalina
45%
13 Mike Toreno
39%
12 Wu Zi Mu
39%
18 Jizzy B.
32%
20 Zero
32%
14 Madd Dogg
30%
19 T Bone Mendez
28%
15 Ken Rosenberg
23%
16 Maccer
20%
17 Kent Paul
19%
No matching quizzes found
Score Distribution
Percent of People with Each Score
Percentile by Number Answered
Your Score History
You have not taken this quiz